L'art de la these : comment preparer et rediger une these de doctorat, un memoire de DEA ou de maitrise, ou tout autre travail universitaire
Αποθηκεύτηκε σε:
| Κύριος συγγραφέας: | |
|---|---|
| Μορφή: | Βιβλίο |
| Γλώσσα: | French |
| Δημοσίευση: |
Paris :
La Decouverte,
1986
|
| Θέματα: | |
| Ετικέτες: |
Προσθήκη ετικέτας
Δεν υπάρχουν, Καταχωρήστε ετικέτα πρώτοι!
|
MARC
| LEADER | 00000nam a2200000 i 4500 | ||
|---|---|---|---|
| 001 | 1/83919 | ||
| 008 | 980930s1986 fre d | ||
| 020 | |a 2-7071-1571-1 | ||
| 035 | |l 10034315 | ||
| 040 | |a GR-MY-UA |b gre |e aacr | ||
| 041 | 0 | |a fre | |
| 082 | 0 | |a 808.02 | |
| 100 | 1 | |a Beaud, Michel. | |
| 245 | 1 | 0 | |a L'art de la these : |b comment preparer et rediger une these de doctorat, un memoire de DEA ou de maitrise, ou tout autre travail universitaire / |c par Michel Beaud |
| 260 | |a Paris : |b La Decouverte, |c 1986 | ||
| 300 | |a 156 p.; |b ill.; |c 22 cm | ||
| 504 | |a Περιέχει βιβλιογραφικές παραπομπές και ευρετήριο | ||
| 650 | 0 | 0 | |a Dissertations, Academic |v Handbooks, manuals, etc. |
| 650 | 0 | 0 | |a Report writing |x Methodology |x Handbooks, manuals, etc. |
| 650 | 0 | 0 | |a Doctor of philosophy degree |z France. |
| 852 | |a INST |b LESVOS |e 19990316 |h 808.02 BEA |p 005100017346 |q 005100017346 |t BK |y 0 | ||
| 852 | |a INST |b RHODES |e 19980930 |h 808.02 BEA |p 005400008485 |q 005400008485 |t BK |y 0 | ||
| 909 | |a Λ |b 056280 | ||
| 909 | |a Ρ |b 011952 | ||
| 922 | |a 1ΕΛΗ |b 199805 |c ΚΠΣ/ΤΠ | ||
| 950 | |a 107-1998-03-04 | ||